000 00351nam a2200145Ia 4500
008 230711s9999||||xx |||||||||||||| ||und||
041 _aENG
082 _a4
_bRF-M
100 _aRafiquzzaman,Mohamed
245 0 _aMicroprocessors
250 _a1st Ed.
260 _c1992
_aNew Delhi
_bPradeep publishers
650 _aComputer Engineering
942 _cBK
999 _c3015
_d3015